| 000 | 00645nam a2200217 a 4500 | ||
|---|---|---|---|
| 005 | 20240228064308.0 | ||
| 008 | 170911s2007 mx r 000 0 spa d | ||
| 020 | _a9789682479090 | ||
| 035 | _aUPN01000220355 | ||
| 049 | _aI | ||
| 050 | 4 |
_aPZ78 _bL4.6 |
|
| 100 | 1 |
_aLepe García, Enrique _939444 |
|
| 245 | 1 | 0 |
_aPalabras de arena y sal / _cEnrique Lepe García ; il. Ricardo Figueroa. |
| 260 |
_aMéxico : _bTrillas, _c2007. |
||
| 300 |
_a32 p. : _bil. col. |
||
| 440 | 0 |
_aCaleidoscopio ; _v8 |
|
| 650 | 4 |
_aLibros y lectura para niños _92290 |
|
| 650 | 4 |
_aOCEANO - _vLITERATURA INFANTIL _911223 |
|
| 905 | _aInfantil | ||
| 999 |
_c192454 _d192454 |
||